|
|
|
|
| LEADER |
00807nab a2200193 i 4500 |
| 001 |
acta45339 |
| 005 |
20260224081030.0 |
| 008 |
170323s2015 hu o 000 hun d |
| 022 |
|
|
|a 0567-8099
|
| 040 |
|
|
|a SZTE Egyetemi Kiadványok Repozitórium
|b hun
|
| 041 |
|
|
|a hun
|
| 100 |
1 |
|
|a Szabolcs Enikő
|
| 245 |
1 |
3 |
|a La place de l'enfant dans la société et dans la famille chez Diderot
|h [elektronikus dokumentum] /
|c Szabolcs Enikő
|
| 260 |
|
|
|c 2015
|
| 300 |
|
|
|a 127-138
|
| 490 |
0 |
|
|a Acta Universitatis Szegediensis de Attila József Nominatae : acta romanica
|v 29
|
| 695 |
|
|
|a Diderot, Denis, Neveléselmélet - francia - 18. sz., Csaaládszociológia - gyermek helyzete a családban - 18. sz.
|
| 700 |
0 |
1 |
|a Diderot Denis
|
| 856 |
4 |
0 |
|u http://acta.bibl.u-szeged.hu/45339/1/romanica_029_127-138.pdf
|z Dokumentum-elérés
|